धुळवंड ( विनोदी कथासंग्रह ) / (Record no. 53004)

MARC details
000 -LEADER
fixed length control field 01075nam a22002297a 4500
005 - DATE AND TIME OF LATEST TRANSACTION
control field 20110620110443.0
008 - FIXED-LENGTH DATA ELEMENTS--GENERAL INFORMATION
fixed length control field 110620t xxu||||| |||| 00| 0 mar d
010 ## - LCCN (DPL NO)
LC control number MAR-209667
020 ## - INTERNATIONAL STANDARD BOOK NUMBER
Terms of availability 90.00
035 ## - SYSTEM CONTROL NUMBER
System control number MR-13625
037 ## - SOURCE OF ACQUISITION
Source of stock number/acquisition DBAD/PUB
040 ## - CATALOGING SOURCE
Original cataloging agency DPL
Language of cataloging MR
082 ## - DEWEY DECIMAL CLASSIFICATION NUMBER
Classification number 891.467
100 ## - MAIN ENTRY--PERSONAL NAME
Personal name मुळावकर,संतोष मोतीराम
9 (RLIN) 28644
245 ## - TITLE STATEMENT
Title धुळवंड ( विनोदी कथासंग्रह ) /
Statement of responsibility, etc महेन्द्र सदाशिव वाकळे
246 ## - VARYING FORM OF TITLE
Title proper/short title Dhulwand
Remainder of title by Santosh Motiram Mulawkar
260 ## - PUBLICATION, DISTRIBUTION, ETC. (IMPRINT)
Place of publication, distribution, etc परभणी
Name of publisher, distributor, etc पवन प्रकाशन
Date of publication, distribution, etc 2008
270 ## - ADDRESS
Address ' तारांगण ' बसस्थानक परिसर ,
City परभणी
Postal code 431401
300 ## - PHYSICAL DESCRIPTION
Extent 96पृ.
Dimensions 21सेमी(अजिल्द)
942 ## - ADDED ENTRY ELEMENTS (KOHA)
Source of classification or shelving scheme Dewey Decimal Classification
Item type Marathi Books
Classification part 891.467
Call number suffix मुळाव
Holdings
Withdrawn status Lost status Source of classification or shelving scheme Damaged status Not for loan Collection code Home library Current library Date acquired Source of acquisition Cost, normal purchase price Total Checkouts Full call number Barcode Date last seen Copy number Cost, replacement price Koha item type
    Dewey Decimal Classification   Not For Loan Fiction D.B.Act.Division D.B.Act.Division 20/06/2011 DBAD / PUB 90.00   891.467 मुळाव MR-13625 20/06/2011 1 90.00 Marathi Books

© Delhi Public Library
Hit Counter
free hit counter